| 000 | 00463nam a2200181Ia 4500 | ||
|---|---|---|---|
| 008 | 180207s9999 xx 000 0 und d | ||
| 020 | _a9780545353434 | ||
| 050 | _bT191 2010 | ||
| 100 | _aTarpey, Todd | ||
| 245 | _aHow about a kiss for me? / | ||
| 245 | _cby Todd Tarpley ; illustrated by Liza Woodruff. | ||
| 260 | _aNew York : | ||
| 260 | _bScholastic, | ||
| 260 | _c2010 | ||
| 300 | _aunpaged : | ||
| 300 | _bcolor illustration ; | ||
| 300 | _c21cm. | ||
| 999 |
_c355653 _d355653 |
||